000 00210 a2200097 4500
001 46691
100 _aTaylor J.W
245 _aHistory of Aerial Warfare
260 _aLondon
_bHamlyn
_c
090 _c29789
_d29789
942 _aNUST-CAE
_cM
_c21989
999 _c281764
_d281764